Liberation: (Record no. 222520)

MARC details
000 -LEADER
fixed length control field 00883nam a22002537a 4500
005 - DATE AND TIME OF LATEST TRANSACTION
control field 20220420154152.0
008 - FIXED-LENGTH DATA ELEMENTS--GENERAL INFORMATION
fixed length control field 220420b ||||| |||| 00| 0 eng d
040 ## - CATALOGING SOURCE
Transcribing agency Aloy
041 ## - LANGUAGE CODE
Language code of text/sound track or separate title eng
082 ## - DEWEY DECIMAL CLASSIFICATION NUMBER
Edition number 23
Classification number 305.42
Item number CENL
100 ## - MAIN ENTRY--PERSONAL NAME
Personal name Centre for study of science and Religion and others
100 ## - MAIN ENTRY--PERSONAL NAME
9 (RLIN) 30648
245 ## - TITLE STATEMENT
Title Liberation:
Remainder of title National conference on women, science and spirituality
260 ## - PUBLICATION, DISTRIBUTION, ETC.
Place of publication, distribution, etc. Visakhapatnam
Name of publisher, distributor, etc. House of Human Science & Service
Date of publication, distribution, etc. 2004
300 ## - PHYSICAL DESCRIPTION
Extent 87 p.
Other physical details PB
Dimensions 24x17 cm
365 ## - TRADE PRICE
Source of price type code Sociology
650 ## - SUBJECT ADDED ENTRY--TOPICAL TERM
Topical term or geographic name entry element Women
9 (RLIN) 30641
650 ## - SUBJECT ADDED ENTRY--TOPICAL TERM
Topical term or geographic name entry element Womens Education Nations Progress
9 (RLIN) 30642
650 ## - SUBJECT ADDED ENTRY--TOPICAL TERM
Topical term or geographic name entry element Women of the Work Place
9 (RLIN) 30643
650 ## - SUBJECT ADDED ENTRY--TOPICAL TERM
Topical term or geographic name entry element Women in Science
9 (RLIN) 30644
700 ## - ADDED ENTRY--PERSONAL NAME
Personal name CENTRE FOR STUDY OF SCIENCE AND RELIGION
9 (RLIN) 30645
700 ## - ADDED ENTRY--PERSONAL NAME
Personal name CENTER FOR EMPOWERMENT OF WOMEN
9 (RLIN) 30646
700 ## - ADDED ENTRY--PERSONAL NAME
Personal name INSTITUTE FOR HUMAN SCIENCE AND SERVICE
9 (RLIN) 30649
942 ## - ADDED ENTRY ELEMENTS (KOHA)
Source of classification or shelving scheme Dewey Decimal Classification
Koha item type George Fernandes Collections
Holdings
Withdrawn status Lost status Source of classification or shelving scheme Damaged status Not for loan Collection code Home library Current library Date acquired Total Checkouts Full call number Barcode Date last seen Price effective from Koha item type
    Dewey Decimal Classification     Sociology St Aloysius Library St Aloysius Library 03/24/2013   305.42 CENL GF01209 04/20/2022 04/20/2022 George Fernandes Collections